Liriche di Luis de Camôes

Guardat en:
Dades bibliogràfiques
Autor principal: Camoens, Luis de (Autor)
Format: Llibre
Idioma:espanyol
Publicat: Módena Societá Tipografica Modenese 1951
Matèries:
Etiquetes: Afegir etiqueta
Sense etiquetes, Sigues el primer a etiquetar aquest registre!

MARC

LEADER 00000nam a2200000 a 4500
001 UCZ1770
003 CL-VaPUC
008 950907e19510000IT |||||||||||||||||spa|d
082 0 4 |a P869.01  |b CAM  |2 21 
100 |a Camoens, Luis de  |e author  |9 382919 
245 1 0 |a Liriche di Luis de Camôes 
300 |a 162 p 
942 |c BK 
945 |d 19950907 00:00:00  |a rbrito 
260 |a Módena  |b Societá Tipografica Modenese  |c 1951 
650 0 |a Poesías portuguesas  |9 268079 
583 |a last modification  |c 19950907 00:00:00  |k Rodrigo Vera 
999 |c 238473  |d 238471 
952 |0 0  |1 0  |4 0  |6 P_869_010000000000000_CAM_1951  |7 0  |8 A  |9 248670  |a BIBEDU  |b BIBEDU  |d 2019-11-18  |i 312018K  |o P869.01 CAM 1951  |p 312018K  |r 2019-11-18  |w 2019-11-18  |y BK  |k LIT